000
00253nam a22000977a 4500
999
_c
526692
_d
526692
082
_a
SNT A99 W893
100
_a
Khan, Sadeea
_9
46252
245
_a
The world’s greenest speeches
_b
By Khan Sadeea
260
_a
New Delhi
_b
Lexicon
_c
2013
300
_a
655p